000 00980nam a2200217 u 4500
001 000250852
003 AM-YeHGA
005 20250618071701.0
008 030729s1990 ai r 000 0 arm d
020 _a5545004459
040 _aAM-YeHGA
245 1 0 _aՔիմիայի խնդիրների և վարժությունների ժողովածու :
_bՈւս. ձեռնարկ միջն. դպր. 7-10-րդ դաս. աշակերտների համար /
_cՅա.Լ. Գոլդֆարբ, Յու.Վ. Խոդակով, Յու.Բ. Դոդոնով; Թարգմ.՝ Մ. Ջրբաշյան, Ա. Համբարձումյան.
250 _a6-րդ վերանմշ. հրատ.
260 _aԵրևան :
_bԼույս,
_c1990.
300 _a232 էջ :
_bաղս.
650 1 4 _aՔիմիա
_vԴասագիրք
_95631
700 1 _aԴոդոնով, Յուրի Բորիսովիչ
700 1 _aՋրբաշյան, Մ.
_eթարգմ.
_4trl
_98553
700 1 _aՀամբարձումյան, Ա.
_eթարգմ.
_4trl
090 _c91150
999 _c89861
_d89861